000 00921nas a2200277 4500
001 BR8101064
003 BR-BrBNA
005 20231205084538.0
007 ta
008 230509b bl.|||p| |||| 00| 00por d
040 _aBR-BrBNA
_bpor
_cBiblioteca Nacional de Agricultura
041 _a(Pt)
072 _aS10
100 1 _aCecchi, H.M.
100 1 _aAmaya, D.R.
245 1 _aCarotenoides e valor de vitamina A em suco de maracuja processado [Passiflora edulis; Analise de alimento]
246 1 _aCarotenoids and vitamin A value in processed passionfruit juice [Passiflora edulis; Food analysis]
650 _aComposicao de alimento
650 _aSuco
650 _aMaracuja
650 _aVitamina A
650 _aAnalise de alimento
773 0 _tCiencia e Cultura (Brazil)
_xISSN 0009-6725
_g(Jan 1981), v. 33(1) p. 72-76
_wBR8101064
909 _a202311
_bLúcia
_c55
_dLúcia Elande
942 _2AGRIS
_n0
_cANA
999 _c105838
_d105838